[Event "Moscow-ch op Superfinal"]
[Site "Ershovo"]
[Date "2024.02.27"]
[Round "7"]
[White "Liavonava, Yuliya"]
[Black "Nurgali, Nazerke"]
[Result "1/2-1/2"]
[WhiteElo "1943"]
[BlackElo "2190"]
[PlyCount "87"]
[EventDate "2024.02.23"]
[EventType "swiss"]
[EventRounds "10"]
[EventCountry "RUS"]
[SourceTitle "CB10_2024"]
[SourceDate "2024.03.06"]
[SourceVersion "1"]
[SourceVersionDate "2024.03.06"]
[SourceQuality "1"]

1. e4 c5 2. c4 Nc6 3. Nc3 g6 4. g3 Bg7 5. Bg2 d6 6. Nge2 e5 7. a3 Be6 8. d3 Qd7 9. h3 Nge7 10. Rb1 0-0 11. b4 b6 12. Nd5 Rad8 13. b5 Nd4 14. Nxe7+ Qxe7 15. Nxd4 cxd4 16. 0-0 Qd7 17. Kh2 f5 18. exf5 Rxf5 19. a4 d5 20. cxd5 Bxd5 21. Bxd5+ Qxd5 22. Qb3 Rf3 23. Bg5 Qxb3 24. Rxb3 Rc8 25. Kg2 e4 26. Rd1 h6 27. Bd2 Rc2 28. Be1 Ra2 29. Rbb1 Rxd3 30. Rxd3 exd3 31. Rd1 Rxa4 32. Rxd3 Ra1 33. Bd2 Rb1 34. Ra3 Rb2 35. Be1 Rxb5 36. Rxa7 Rd5 37. Rb7 Rd6 38. Bd2 h5 39. Kf3 d3 40. Ke4 Bf6 41. h4 Bd4 42. f4 Bg7 43. Rb8+ Kh7 44. Rb7 1/2-1/2

[Event "Moscow-ch op Superfinal"]
[Site "Ershovo"]
[Date "2024.02.24"]
[Round "2"]
[White "Pogosyan, Stefan"]
[Black "Liavonava, Yuliya"]
[Result "1/2-1/2"]
[WhiteElo "2360"]
[BlackElo "1943"]
[PlyCount "167"]
[EventDate "2024.02.23"]
[EventType "swiss"]
[EventRounds "10"]
[EventCountry "RUS"]
[SourceTitle "CB10_2024"]
[SourceDate "2024.03.06"]
[SourceVersion "1"]
[SourceVersionDate "2024.03.06"]
[SourceQuality "1"]

1. e4 c5 2. Ne2 Nc6 3. g3 d5 4. Bg2 dxe4 5. Nbc3 Bg4 6. Nxe4 Nd4 7. N4c3 Qd7 8. d3 Bf3 9. 0-0 h5 10. Bxf3 Nxf3+ 11. Kg2 Qc6 12. Ne4 Ne5 13. f3 e6 14. b4 0-0-0 15. bxc5 Nh6 16. Bxh6 Rxh6 17. Qd2 h4 18. Qf4 h3+ 19. Kh1 f6 20. d4 Nf7 21. Rab1 Be7 22. Qe3 f5 23. N4c3 g5 24. Rb5 Bf6 25. Rfb1 Rd7 26. R5b4 g4 27. d5 exd5 28. Nb5 Kb8 29. Qe8+ Nd8 30. Nbd4 Qc8 31. c6 Rc7 32. cxb7 Qd7 33. Qxd7 Rxd7 34. Nxf5 gxf3 35. Ng1 Rh8 36. Nxf3 Re8 37. Ng1 Rc7 38. Rb5 d4 39. Nxh3 Rxc2 40. Nf4 d3 41. Nxd3 Ree2 42. h4 Ne6 43. Rd5 Bd8 44. Nf4 Rh2+ 45. Kg1 Bb6+ 46. Rxb6 axb6 47. Nxe6 Rhg2+ 48. Kf1 Rcf2+ 49. Ke1 Re2+ 50. Kd1 Rxe6 51. Rd7 Rf6 52. g4 Rxg4 53. Nd4 Rxh4 54. Kc2 Rh5 55. Kb3 Rc5 56. a4 Rc7 57. Rd5 Kxb7 58. Kb4 Rf1 59. a5 Rb1+ 60. Nb3 bxa5+ 61. Rxa5 Rh7 62. Rc5 Rh4+ 63. Rc4 Rh5 64. Ka3 Rh3 65. Rb4+ Kc7 66. Ka2 Rg1 67. Ka3 Rg2 68. Rc4+ Kd6 69. Kb4 Rg8 70. Ka3 Rg2 71. Kb4 Rgg3 72. Na5 Rh7 73. Rc6+ Kd7 74. Rc3 Rg5 75. Nb3 Kd6 76. Rd3+ Kc6 77. Rc3+ Kb6 78. Rc4 Rh3 79. Nd4 Rh4 80. Rc6+ Kb7 81. Rc4 Rgg4 82. Kc5 Rxd4 83. Rxd4 Rxd4 84. Kxd4 1/2-1/2

[Event "BLR-ch (Women) 80th"]
[Site "Minsk"]
[Date "2024.01.15"]
[Round "6"]
[White "Liavonava, Yuliya"]
[Black "Cheshko, Darya"]
[Result "1/2-1/2"]
[WhiteElo "1878"]
[BlackElo "1457"]
[PlyCount "92"]
[EventDate "2024.01.10"]
[EventType "tourn"]
[EventRounds "9"]
[EventCountry "BLR"]
[SourceTitle "CB04_2024"]
[SourceDate "2023.10.16"]
[SourceVersion "1"]
[SourceVersionDate "2023.10.16"]
[SourceQuality "1"]

1. c4 e5 2. Nc3 d6 3. g3 f5 4. Bg2 Nf6 5. e3 Be7 6. Nge2 0-0 7. 0-0 c6 8. d4 Be6 9. Qb3 Qd7 10. d5 cxd5 11. cxd5 Bf7 12. Bh3 g5 13. e4 g4 14. Bg2 Bg6 15. exf5 Bxf5 16. Bh6 Rf7 17. Rac1 Na6 18. Be3 b6 19. Qc4 Nc5 20. Bxc5 bxc5 21. b4 Rc8 22. b5 h5 23. a4 Nh7 24. Ne4 Bxe4 25. Qxe4 Ng5 26. Qg6+ Rg7 27. Qd3 Rf8 28. Nc3 h4 29. Rc2 Qe8 30. Ne4 Nf3+ 31. Bxf3 gxf3 32. a5 Qc8 33. Rb1 hxg3 34. fxg3 Qf5 35. b6 c4 36. Qxc4 Rg4 37. b7 Rxe4 38. Qc8 Re1+ 39. Rxe1 f2+ 40. Kf1 fxe1R+ 41. Kxe1 Qe4+ 42. Kd1 Qxd5+ 43. Kc1 Bg5+ 44. Kb1 Qb3+ 45. Rb2 Qd1+ 46. Ka2 Qa4+ 1/2-1/2

[Event "BLR-ch sf (Women)"]
[Site "Minsk"]
[Date "2023.12.11"]
[Round "5"]
[White "Abramkina, Veranika"]
[Black "Liavonava, Yuliya"]
[Result "1-0"]
[WhiteElo "1793"]
[BlackElo "1892"]
[PlyCount "147"]
[EventDate "2023.12.07"]
[EventType "swiss"]
[EventRounds "9"]
[EventCountry "BLR"]
[SourceTitle "CB51_2023"]
[SourceDate "2023.12.20"]
[SourceVersion "1"]
[SourceVersionDate "2023.12.20"]
[SourceQuality "1"]

1. d4 Nf6 2. c4 e6 3. g3 d5 4. Bg2 dxc4 5. Nf3 Nc6 6. Qa4 Bb4+ 7. Bd2 Nd5 8. Bxb4 Ndxb4 9. 0-0 Rb8 10. Na3 a6 11. Ne5 0-0 12. Nxc6 Nxc6 13. Bxc6 bxc6 14. e3 Rxb2 15. Nxc4 Rb5 16. Na3 Rb8 17. Rfc1 Qf6 18. Rc5 Rb2 19. Rc2 Rxc2 20. Nxc2 e5 21. dxe5 Qxe5 22. Qxc6 Be6 23. Rd1 a5 24. a4 Bb3 25. Rd4 h6 26. Na3 Rb8 27. Nc4 Bxc4 28. Rxc4 Rb1+ 29. Kg2 g6 30. Rd4 Rb4 31. Rd7 Qe4+ 32. Qxe4 Rxe4 33. Rxc7 Rxa4 34. Ra7 Kg7 35. h4 h5 36. Kf3 Kf6 37. Ra6+ Ke5 38. Ra7 Ke6 39. Ra6+ Ke5 40. Ra7 Kf6 41. Ra6+ Kg7 42. e4 Ra2 43. e5 a4 44. Ra7 Kf8 45. Ke3 a3 46. Kf3 Ke8 47. Kg2 Ra1 48. Kf3 a2 49. Kg2 Kd8 50. Kf3 Kc8 51. Kf4 Kb8 52. Ra5 Kb7 53. Kg5 Kb6 54. Ra8 Re1 55. Rxa2 Rxe5+ 56. Kf6 Rf5+ 57. Kg7 g5 58. hxg5 Rxg5+ 59. Kxf7 Kc6 60. Rd2 Kc7 61. Kf6 Rg8 62. Kf5 Kc6 63. Kf4 Rg7 64. Kf3 Rg8 65. Rd3 Rg5 66. Ke4 Rg8 67. f4 Kc5 68. f5 Kc4 69. Re3 Kc5 70. Ke5 Re8+ 71. Kf4 Rf8 72. Re6 Ra8 73. f6 h4 74. gxh4 1-0

[Event "BLR-ch sf (Women)"]
[Site "Minsk"]
[Date "2023.12.10"]
[Round "4"]
[White "Liavonava, Yuliya"]
[Black "Cheshko, Darya"]
[Result "1-0"]
[WhiteElo "1892"]
[BlackElo "1232"]
[PlyCount "49"]
[EventDate "2023.12.07"]
[EventType "swiss"]
[EventRounds "9"]
[EventCountry "BLR"]
[SourceTitle "CB51_2023"]
[SourceDate "2023.12.20"]
[SourceVersion "1"]
[SourceVersionDate "2023.12.20"]
[SourceQuality "1"]

1. c4 c5 2. Nc3 Nc6 3. g3 g6 4. Bg2 Bg7 5. a3 e6 6. e4 a6 7. Rb1 Qa5 8. Nge2 Nge7 9. 0-0 b5 10. cxb5 axb5 11. b4 cxb4 12. axb4 Nxb4 13. d4 Nec6 14. Bf4 e5 15. dxe5 0-0 16. Be3 Bxe5 17. f4 Bc7 18. Kh1 Bb6 19. Bc1 Bb7 20. Bb2 Na2 21. Nd5 Bd8 22. f5 Qa4 23. Qd2 f6 24. fxg6 hxg6 25. Qh6 1-0

[Event "BLR-ch sf (Women)"]
[Site "Minsk"]
[Date "2023.12.08"]
[Round "2"]
[White "Liavonava, Yuliya"]
[Black "Zubaryk, Maryia"]
[Result "1-0"]
[WhiteElo "1892"]
[BlackElo "1477"]
[PlyCount "65"]
[EventDate "2023.12.07"]
[EventType "swiss"]
[EventRounds "9"]
[EventCountry "BLR"]
[SourceTitle "CB51_2023"]
[SourceDate "2023.12.20"]
[SourceVersion "1"]
[SourceVersionDate "2023.12.20"]
[SourceQuality "1"]

1. e4 c5 2. Nf3 Nc6 3. c4 e5 4. Nc3 g6 5. d3 Bg7 6. Be3 d6 7. Nd5 Nge7 8. Qd2 Nxd5 9. exd5 Nd4 10. Nxd4 cxd4 11. Bh6 0-0 12. h4 Qf6 13. Bg5 Qf5 14. Be7 Re8 15. Bxd6 e4 16. 0-0-0 e3 17. fxe3 dxe3 18. Qc2 Qf6 19. Ba3 Bf5 20. Be2 Rac8 21. g4 Bd7 22. h5 b5 23. hxg6 fxg6 24. Rhf1 Qa6 25. Rf4 bxc4 26. dxc4 Rb8 27. Rdf1 Ba4 28. Qd3 Qb6 29. b3 Bd7 30. Rf7 Rbd8 31. Rxg7+ Kxg7 32. Bb2+ Kg8 33. Qc3 1-0

[Event "RUS Cup tt (Women)"]
[Site "Sochi"]
[Date "2023.11.30"]
[Round "4.12"]
[White "Liavonava, Yuliya"]
[Black "Belokon, Vasilisa"]
[Result "1-0"]
[WhiteElo "1860"]
[BlackElo "1273"]
[PlyCount "85"]
[EventDate "2023.11.27"]
[EventType "team-tourn"]
[EventRounds "7"]
[EventCountry "RUS"]
[SourceTitle "CB49_2023"]
[SourceDate "2023.12.06"]
[SourceVersion "1"]
[SourceVersionDate "2023.12.06"]
[SourceQuality "1"]
[WhiteTeam "Belarus (W)"]
[BlackTeam "Altay Region Kaissa (W)"]
[WhiteTeamCountry "BLR"]
[BlackTeamCountry "RUS"]

1. e4 c5 2. Nf3 e6 3. c4 a6 4. Nc3 Qc7 5. d4 cxd4 6. Nxd4 Nf6 7. a3 d6 8. Be2 Nbd7 9. 0-0 Be7 10. Be3 b6 11. Rc1 Bb7 12. Qc2 0-0 13. f4 Rac8 14. b4 Rfe8 15. Bd3 h6 16. Qe2 Bd8 17. g4 Nh7 18. Qf2 Rf8 19. h3 Qb8 20. Nce2 Bc7 21. Ng3 Rce8 22. Bb1 Bd8 23. Qc2 e5 24. Ndf5 Bc7 25. Qd2 Re6 26. Nh5 exf4 27. Bxf4 g5 28. Be3 Ne5 29. Bd4 Rd8 30. Ne3 Qc8 31. Nd5 Bxd5 32. exd5 Re7 33. Ng3 Ree8 34. Nf5 Kh8 35. Nxh6 f6 36. Bxe5 Rxe5 37. Nf7+ Kg7 38. Nxe5 fxe5 39. Qd3 Nf8 40. Rxf8 Kxf8 41. Rf1+ Ke8 42. Qg6+ Ke7 43. Qf7# 1-0

[Event "Minsk op"]
[Site "Minsk"]
[Date "2023.11.09"]
[Round "7"]
[White "Trafimchuk, Tsikhan"]
[Black "Liavonava, Yuliya"]
[Result "0-1"]
[WhiteElo "1350"]
[BlackElo "1860"]
[PlyCount "108"]
[EventDate "2023.11.03"]
[EventType "swiss"]
[EventRounds "9"]
[EventCountry "BLR"]
[SourceTitle "CB46_2023"]
[SourceDate "2023.11.15"]
[SourceVersion "1"]
[SourceVersionDate "2023.11.15"]
[SourceQuality "1"]

1. Nf3 Nf6 2. g3 d5 3. Bg2 c5 4. 0-0 Nc6 5. d4 e6 6. c4 Be7 7. cxd5 exd5 8. Nc3 0-0 9. dxc5 Bxc5 10. Bg5 Be7 11. Bxf6 Bxf6 12. Nxd5 Bxb2 13. Rb1 Ba3 14. Qa4 Qxd5 15. Qxa3 Rd8 16. Qa4 Be6 17. Rxb7 Qxa2 18. Qxc6 Bd5 19. Qb5 Bxb7 20. Qxb7 a5 21. Ne5 Rab8 22. Qa7 Rb5 23. Qe7 Rf8 24. Bc6 Rb1 25. e4 Rxf1+ 26. Kxf1 Qe6 27. Qxe6 fxe6 28. Bd7 Rd8 29. Bxe6+ Kf8 30. Nc6 Rd6 31. Bd5 a4 32. Ke2 a3 33. Nb4 Rb6 34. Na2 Rb2+ 35. Ke3 Ke7 36. h4 Kd6 37. f4 h6 38. Kf3 Rd2 39. Bg8 Rd3+ 40. Kg4 h5+ 41. Kf5 Rxg3 42. Bf7 Ke7 43. Bg8 Rg4 44. Nb4 g6+ 45. Ke5 Rxh4 46. Bd5 Rh2 47. f5 gxf5 48. Kxf5 h4 49. e5 Rd2 50. Be4 h3 51. Kf4 Rb2 52. Nd5+ Kf7 53. Nc3 Rb4 54. Kg3 Rxe4 0-1

[Event "Wch U16 Girls blitz"]
[Site "Batumi"]
[Date "2023.06.10"]
[Round "6"]
[White "Amulya, Guruprasad"]
[Black "Liavonava, Yuliya"]
[Result "1-0"]
[WhiteElo "1483"]
[BlackElo "1617"]
[PlyCount "63"]
[EventDate "2023.06.10"]
[EventType "swiss (blitz)"]
[EventRounds "11"]
[EventCountry "GEO"]
[SourceTitle "EXT 2024"]
[Source "ChessBase"]
[SourceDate "2023.10.10"]
[SourceVersion "1"]
[SourceVersionDate "2023.10.10"]
[SourceQuality "1"]
[WhiteTeam "Indien"]
[BlackTeam "FIDE"]
[WhiteTeamCountry "IND"]

1. e4 c5 2. Nf3 d6 3. d4 cxd4 4. Nxd4 Nf6 5. Nc3 a6 6. f3 e5 7. Nb3 Be6 8. Be3 Nbd7 9. Qd2 b5 10. Bg5 Nb6 11. 0-0-0 Nc4 12. Qd3 Rc8 13. Kb1 Be7 14. h4 Qc7 15. Nd5 Bxd5 16. exd5 h6 17. Bxf6 Bxf6 18. Qe4 0-0 19. g4 Be7 20. g5 f5 21. gxf6 Rxf6 22. Bd3 Bf8 23. Rhg1 Kf7 24. Rdf1 a5 25. Qe2 a4 26. Nd2 a3 27. Ne4 Rf4 28. Rg4 Rxg4 29. fxg4+ Ke7 30. b3 Nb6 31. Qf2 Ke8 32. Qxf8+ 1-0

[Event "Wch U16 Girls blitz"]
[Site "Batumi"]
[Date "2023.06.10"]
[Round "1"]
[White "Liavonava, Yuliya"]
[Black "Gotiashvili, Marta"]
[Result "1-0"]
[WhiteElo "1617"]
[BlackElo "1278"]
[PlyCount "49"]
[EventDate "2023.06.10"]
[EventType "swiss (blitz)"]
[EventRounds "11"]
[EventCountry "GEO"]
[SourceTitle "EXT 2024"]
[Source "ChessBase"]
[SourceDate "2023.10.10"]
[SourceVersion "1"]
[SourceVersionDate "2023.10.10"]
[SourceQuality "1"]
[WhiteTeam "FIDE"]
[BlackTeam "Georgia"]
[BlackTeamCountry "GEO"]

1. c4 Nf6 2. Nc3 e6 3. e3 b6 4. Nf3 Bb7 5. Be2 Be7 6. 0-0 d6 7. d4 Nbd7 8. Nd2 c5 9. Bf3 Bxf3 10. Nxf3 Rc8 11. b3 0-0 12. Bb2 Qc7 13. e4 cxd4 14. Nxd4 Nc5 15. Re1 Rfd8 16. Qf3 Qb7 17. Rad1 Bf8 18. h3 d5 19. exd5 exd5 20. cxd5 Nxd5 21. Nxd5 Qxd5 22. Qg4 Qb7 23. Nf5 g6 24. Qg5 Ne6 25. Qf6 1-0

[Event "Wch U16 Girls rapid"]
[Site "Batumi"]
[Date "2023.06.08"]
[Round "8"]
[White "Liavonava, Yuliya"]
[Black "Aslibekyan, Narine"]
[Result "1-0"]
[WhiteElo "1841"]
[BlackElo "1313"]
[PlyCount "81"]
[EventDate "2023.06.06"]
[EventType "swiss (rapid)"]
[EventRounds "11"]
[EventCountry "GEO"]
[SourceTitle "EXT 2024"]
[Source "ChessBase"]
[SourceDate "2023.10.10"]
[SourceVersion "1"]
[SourceVersionDate "2023.10.10"]
[SourceQuality "1"]
[WhiteTeam "FIDE"]
[BlackTeam "Armenia"]
[BlackTeamCountry "ARM"]

1. c4 Nf6 2. Nc3 e6 3. e3 b6 4. Nf3 Bb7 5. d4 Bb4 6. Bd3 0-0 7. 0-0 d5 8. cxd5 Nxd5 9. Qc2 h6 10. e4 Nf6 11. Bf4 c5 12. dxc5 Bxc5 13. Rad1 Qe7 14. a3 a5 15. Na4 Nbd7 16. Rfe1 Rac8 17. Qe2 Bc6 18. Nc3 Rfd8 19. h3 e5 20. Bh2 Bd6 21. Bc4 Nc5 22. Nd5 Nxd5 23. Bxd5 Bxd5 24. Rxd5 f6 25. Nh4 Ne6 26. Nf5 Qc7 27. Qg4 Kh7 28. Nxh6 Nd4 29. Nf5 Bc5 30. Bg3 Rxd5 31. exd5 Rd8 32. Nxd4 Bxd4 33. Qxd4 exd4 34. Bxc7 Rxd5 35. Bxb6 d3 36. Rd1 a4 37. Rd2 Kg6 38. f3 Kf5 39. Kf2 Rb5 40. Bd4 Rb3 41. Bc3 1-0

[Event "Wch U16 Girls rapid"]
[Site "Batumi"]
[Date "2023.06.08"]
[Round "9"]
[White "Momyn, Madina"]
[Black "Liavonava, Yuliya"]
[Result "0-1"]
[WhiteElo "1461"]
[BlackElo "1841"]
[PlyCount "52"]
[EventDate "2023.06.06"]
[EventType "swiss (rapid)"]
[EventRounds "11"]
[EventCountry "GEO"]
[SourceTitle "EXT 2024"]
[Source "ChessBase"]
[SourceDate "2023.10.10"]
[SourceVersion "1"]
[SourceVersionDate "2023.10.10"]
[SourceQuality "1"]
[WhiteTeam "Kazakhstan"]
[BlackTeam "FIDE"]
[WhiteTeamCountry "KAZ"]

1. d4 Nf6 2. c4 e6 3. Nf3 b6 4. e3 Bb7 5. Be2 Be7 6. 0-0 d6 7. b3 Nbd7 8. Bb2 0-0 9. Nbd2 Ne4 10. Qc2 f5 11. Bd3 Ndf6 12. Rac1 Rc8 13. h3 Qe8 14. Bxe4 Nxe4 15. Nxe4 Bxe4 16. Qe2 Qg6 17. Ne1 f4 18. exf4 Rxf4 19. f3 Rcf8 20. Rd1 Bh4 21. Bc1 R4f6 22. Nd3 Bxf3 23. Rxf3 Rxf3 24. Nf4 R3xf4 25. Bxf4 Rxf4 26. Rd3 Rf2 0-1

[Event "Wch U16 Girls rapid"]
[Site "Batumi"]
[Date "2023.06.07"]
[Round "7"]
[White "Seemann, Pola"]
[Black "Liavonava, Yuliya"]
[Result "1-0"]
[WhiteElo "1702"]
[BlackElo "1841"]
[PlyCount "85"]
[EventDate "2023.06.06"]
[EventType "swiss (rapid)"]
[EventRounds "11"]
[EventCountry "GEO"]
[SourceTitle "EXT 2024"]
[Source "ChessBase"]
[SourceDate "2023.10.10"]
[SourceVersion "1"]
[SourceVersionDate "2023.10.10"]
[SourceQuality "1"]
[WhiteTeam "Poland"]
[BlackTeam "FIDE"]
[WhiteTeamCountry "POL"]

1. e4 c5 2. Nf3 d6 3. d4 cxd4 4. Nxd4 Nf6 5. Nc3 a6 6. f4 Nc6 7. Be3 Ng4 8. Nxc6 bxc6 9. Bd2 Qb6 10. Qf3 g6 11. h3 Nf6 12. Bc4 e6 13. Bb3 Bg7 14. Be3 Qc7 15. 0-0 0-0 16. Rad1 d5 17. Bc5 Rd8 18. Na4 Rb8 19. e5 Ne4 20. Rfe1 Nxc5 21. Nxc5 Qb6 22. Qf2 Bf8 23. Nd3 c5 24. c4 d4 25. Bc2 Bb7 26. Qg3 Bg7 27. b3 a5 28. Nf2 a4 29. Ng4 axb3 30. axb3 Ra8 31. Ra1 Rxa1 32. Rxa1 d3 33. Bd1 d2 34. Qf2 Be4 35. Qe3 Qb7 36. g3 Rd3 37. Qf2 Bf5 38. Ra2 Bxg4 39. hxg4 Qd7 40. Ra8+ Bf8 41. Qxc5 Rxg3+ 42. Kh2 Rg2+ 43. Kh1 1-0

[Event "BLR-ch U20 Girls"]
[Site "Minsk"]
[Date "2023.04.12"]
[Round "1"]
[White "Venskaya, Nika"]
[Black "Liavonava, Yuliya"]
[Result "0-1"]
[WhiteElo "1635"]
[BlackElo "1710"]
[PlyCount "92"]
[EventDate "2023.04.12"]
[EventType "tourn"]
[EventRounds "9"]
[EventCountry "BLR"]
[SourceTitle "EXT 2024"]
[Source "ChessBase"]
[SourceDate "2023.10.10"]
[SourceVersion "1"]
[SourceVersionDate "2023.10.10"]
[SourceQuality "1"]

1. d4 Nf6 2. Nf3 e6 3. g3 d5 4. Bg2 c5 5. c3 Be7 6. 0-0 Nbd7 7. Bf4 0-0 8. Nbd2 b5 9. a4 b4 10. cxb4 cxb4 11. Rc1 Ba6 12. Bc7 Qe8 13. Re1 Rc8 14. a5 Nc5 15. Be5 Nb7 16. Nb3 Rxc1 17. Qxc1 Qa4 18. Nfd2 Nxa5 19. Qa1 Qxa1 20. Rxa1 Nxb3 21. Nxb3 Bxe2 22. Rxa7 Re8 23. h3 Ne4 24. f3 f6 25. Bf4 Ng5 26. Bxg5 fxg5 27. Bf1 Bc4 28. Na5 Bf6 29. Nc6 Rc8 30. Ne7+ Bxe7 31. Rxe7 Rc6 32. h4 Bxf1 33. Kxf1 gxh4 34. gxh4 Kf8 35. Rb7 Rc1+ 36. Ke2 Rc2+ 37. Ke3 Rxb2 38. Kf4 b3 39. Ke3 Rb1 40. Kd2 h5 41. Kd3 Kg8 42. Re7 Rf1 43. Kc3 Rxf3+ 44. Kb2 Re3 45. Re8+ Kf7 46. Rh8 g6 0-1

[Event "Orsha op-A 21st"]
[Site "Orsha"]
[Date "2023.01.24"]
[Round "8"]
[White "Liavonava, Yuliya"]
[Black "Egorov, Evgeni"]
[Result "0-1"]
[WhiteElo "1936"]
[BlackElo "2294"]
[PlyCount "108"]
[EventDate "2023.01.19"]
[EventType "swiss"]
[EventRounds "9"]
[EventCountry "BLR"]
[SourceTitle "CBM 212 Extra"]
[Source "ChessBase"]
[SourceDate "2023.03.31"]
[SourceVersion "1"]
[SourceVersionDate "2023.03.31"]
[SourceQuality "1"]

1. c4 e5 2. Nc3 Nc6 3. g3 h5 4. Nf3 Bc5 5. e3 d6 6. d4 Bb6 7. h3 Bf5 8. b4 a5 9. b5 exd4 10. bxc6 dxc3 11. cxb7 Rb8 12. Bd3 Bd7 13. Nd4 Qf6 14. Be4 Ne7 15. Qd3 Bxd4 16. exd4 c6 17. Rb1 0-0 18. g4 Rfe8 19. Be3 hxg4 20. hxg4 Bxg4 21. Qxc3 Bf5 22. Qd3 d5 23. cxd5 cxd5 24. Bxf5 Nxf5 25. Kd2 Re7 26. Qf1 Nxe3 27. fxe3 Qxf1 28. Rhxf1 Rexb7 29. Rxb7 Rxb7 30. Rf5 Rd7 31. Kd3 f6 32. e4 Kf7 33. Rf2 dxe4+ 34. Kxe4 Ke6 35. Rb2 f5+ 36. Kd3 g5 37. Rb6+ Rd6 38. Rb5 Ra6 39. a4 Kf6 40. Ke3 Re6+ 41. Kf3 g4+ 42. Kg3 Re3+ 43. Kf2 Rd3 44. Rxa5 Rxd4 45. Ra8 Kg5 46. a5 Ra4 47. Ke3 Ra3+ 48. Kf2 Kf4 49. a6 Ra2+ 50. Ke1 g3 51. a7 g2 52. Rg8 Kf3 53. Rg5 f4 54. Rg7 Rxa7 0-1

[Event "BLR-ch (Women)"]
[Site "Minsk"]
[Date "2023.01.17"]
[Round "9"]
[White "Tarasenka, Aliaksandra"]
[Black "Liavonava, Yuliya"]
[Result "1-0"]
[WhiteElo "2064"]
[BlackElo "1936"]
[PlyCount "115"]
[EventDate "2023.01.09"]
[EventType "tourn"]
[EventRounds "9"]
[EventCountry "BLR"]
[SourceTitle "CBM 212 Extra"]
[Source "ChessBase"]
[SourceDate "2023.03.31"]
[SourceVersion "1"]
[SourceVersionDate "2023.03.31"]
[SourceQuality "1"]

1. e4 c5 2. c3 e6 3. d4 d5 4. e5 Nc6 5. Nf3 Qb6 6. Bd3 cxd4 7. 0-0 Bd7 8. Re1 Nge7 9. h4 h6 10. Nbd2 Rc8 11. Nb3 dxc3 12. bxc3 Na5 13. Rb1 Ba4 14. Nfd4 Nc4 15. Qh5 g6 16. Qe2 Qc7 17. Nd2 Nf5 18. h5 Bc5 19. N2f3 Nxd4 20. cxd4 Be7 21. hxg6 fxg6 22. Bxg6+ Kd7 23. Bf4 Rcf8 24. Bg3 Rhg8 25. Bd3 b5 26. Nd2 h5 27. Bh2 Rg4 28. f3 Rg7 29. Kh1 Bh4 30. Rg1 Bg3 31. Bxg3 Rxg3 32. Rgf1 Rfg8 33. Rf2 R8g7 34. Nf1 R3g5 35. g3 a6 36. f4 Rg4 37. f5 Rxd4 38. f6 Rf7 39. Bxc4 Rxc4 40. Qxh5 Kc8 41. Kg1 Bc2 42. Re1 Bd3 43. Qh8+ Qd8 44. Qxd8+ Kxd8 45. Nd2 Rcc7 46. g4 Kd7 47. Re3 Bg6 48. Ra3 Rc6 49. Nb3 b4 50. Ra4 Rc4 51. Rxa6 Rh7 52. Rh2 Rxg4+ 53. Rg2 Rxg2+ 54. Kxg2 Be4+ 55. Kg3 Bf5 56. Nc5+ Ke8 57. Nxe6 Rh3+ 58. Kg2 1-0

[Event "Wch U14 Girls"]
[Site "Mamaia"]
[Date "2022.09.16"]
[Round "11"]
[White "Anupam, M Sreekumar"]
[Black "Liavonava, Yuliya"]
[Result "1-0"]
[WhiteElo "1627"]
[BlackElo "1623"]
[PlyCount "83"]
[EventDate "2022.09.06"]
[EventType "swiss"]
[EventRounds "11"]
[EventCountry "ROU"]
[SourceTitle "CBM 210 Extra"]
[Source "ChessBase"]
[SourceDate "2022.11.30"]
[SourceVersion "1"]
[SourceVersionDate "2022.11.30"]
[SourceQuality "1"]

1. e4 c5 2. Nf3 d6 3. Bb5+ Nd7 4. 0-0 a6 5. Bd3 b5 6. c3 Bb7 7. Bc2 Ngf6 8. d3 c4 9. dxc4 bxc4 10. Re1 e6 11. Nbd2 Rc8 12. Ba4 Qc7 13. e5 Nd5 14. Ne4 Bc6 15. Bxc6 Qxc6 16. Nd4 Qb7 17. exd6 Nc5 18. Qh5 Nd3 19. Nxe6 Nxe1 20. N4c5 Nf6 21. Nxg7+ Bxg7 22. Qe5+ Kf8 23. Nxb7 Re8 24. d7 Rxe5 25. d8Q+ Ne8 26. Bf4 Re4 27. Bd6+ Kg8 28. Nc5 Bf6 29. Qc8 Nf3+ 30. gxf3 Re2 31. Ne4 h5 32. Qxe8+ Kg7 33. Qxh8+ Kxh8 34. Nxf6 h4 35. b3 cxb3 36. axb3 h3 37. Kf1 Rc2 38. Be5 Kg7 39. Rxa6 Kg6 40. Ne4+ f6 41. Rxf6+ Kh5 42. Bf4 1-0

[Event "Wch U14 Girls"]
[Site "Mamaia"]
[Date "2022.09.15"]
[Round "10"]
[White "Liavonava, Yuliya"]
[Black "Nandin, Erdene Davaadembere"]
[Result "1-0"]
[WhiteElo "1623"]
[BlackElo "1810"]
[PlyCount "73"]
[EventDate "2022.09.06"]
[EventType "swiss"]
[EventRounds "11"]
[EventCountry "ROU"]
[SourceTitle "CBM 210 Extra"]
[Source "ChessBase"]
[SourceDate "2022.11.30"]
[SourceVersion "1"]
[SourceVersionDate "2022.11.30"]
[SourceQuality "1"]

1. c4 f5 2. Nc3 Nf6 3. g3 g6 4. Bg2 Bg7 5. d3 d6 6. e4 Nc6 7. Nge2 0-0 8. 0-0 e5 9. Be3 Be6 10. Nd5 Ne7 11. h3 c6 12. Nxf6+ Bxf6 13. Rc1 Qd7 14. Kh2 a6 15. a4 Rab8 16. b4 b5 17. cxb5 axb5 18. a5 d5 19. Bc5 f4 20. Ng1 Rf7 21. gxf4 exf4 22. Nf3 Nc8 23. Nd4 Bxd4 24. Bxd4 f3 25. Bxf3 Bxh3 26. Re1 Be6 27. exd5 cxd5 28. Qe2 Rf8 29. Bg2 Bf7 30. Kg1 Qf5 31. Qe3 Rb7 32. Bh3 Qh5 33. Rxc8 Rxc8 34. Bxc8 Rb8 35. Bd7 Rd8 36. Qe7 Ra8 37. Qf6 1-0

[Event "Wch U14 Girls"]
[Site "Mamaia"]
[Date "2022.09.13"]
[Round "8"]
[White "Andries, Alexia"]
[Black "Liavonava, Yuliya"]
[Result "0-1"]
[WhiteElo "1482"]
[BlackElo "1623"]
[PlyCount "74"]
[EventDate "2022.09.06"]
[EventType "swiss"]
[EventRounds "11"]
[EventCountry "ROU"]
[SourceTitle "CBM 210 Extra"]
[Source "ChessBase"]
[SourceDate "2022.11.30"]
[SourceVersion "1"]
[SourceVersionDate "2022.11.30"]
[SourceQuality "1"]

1. d4 Nf6 2. c4 e6 3. Nc3 Bb4 4. f3 0-0 5. a3 Bxc3+ 6. bxc3 Nh5 7. Nh3 f5 8. e3 d6 9. Be2 c5 10. 0-0 Nc6 11. Rb1 Na5 12. Qc2 b6 13. Qa2 Qe8 14. Nf2 Ba6 15. a4 g5 16. g4 Nf6 17. h3 h6 18. e4 f4 19. Bd3 Nd7 20. Ba3 e5 21. d5 Rc8 22. Kg2 Nf6 23. Bc1 h5 24. Rh1 Rc7 25. Bd2 Rh7 26. Rbg1 Kf7 27. Be1 Rfh8 28. Nd1 Bc8 29. Be2 Bd7 30. Nb2 Qc8 31. Qb1 hxg4 32. hxg4 Bxg4 33. Rxh7+ Rxh7 34. fxg4 Nxg4 35. Nd1 Ne3+ 36. Nxe3 Qh3+ 37. Kf2 fxe3# 0-1

[Event "Wch U14 Girls"]
[Site "Mamaia"]
[Date "2022.09.12"]
[Round "7"]
[White "Liavonava, Yuliya"]
[Black "Vasiljeva, Sofja"]
[Result "0-1"]
[WhiteElo "1623"]
[BlackElo "1681"]
[PlyCount "86"]
[EventDate "2022.09.06"]
[EventType "swiss"]
[EventRounds "11"]
[EventCountry "ROU"]
[SourceTitle "CBM 210 Extra"]
[Source "ChessBase"]
[SourceDate "2022.11.30"]
[SourceVersion "1"]
[SourceVersionDate "2022.11.30"]
[SourceQuality "1"]

1. c4 e5 2. Nc3 Nf6 3. Nf3 Nc6 4. e4 d6 5. d4 Bg4 6. d5 Nd4 7. Be2 Nxe2 8. Qxe2 Be7 9. Be3 Qd7 10. h3 Bxf3 11. Qxf3 h6 12. b4 a5 13. b5 b6 14. 0-0-0 h5 15. g3 g6 16. Qe2 h4 17. g4 Nh7 18. f4 f6 19. fxe5 fxe5 20. Rdf1 0-0-0 21. Kc2 Bg5 22. Na4 Qe7 23. Nxb6+ cxb6 24. Bxb6 Rdf8 25. c5 dxc5 26. Qc4 Be3 27. Bxa5 Rxf1 28. Rxf1 Rf8 29. b6 Kb7 30. d6 Qxd6 31. Rf7+ Kb8 32. Qb5 Qe6 33. Rd7 Bd4 34. Rd5 Nf6 35. Qa6 Qe7 36. b7 Qxb7 37. Qd6+ Ka7 38. Rxc5 Qxe4+ 39. Kd1 Qf3+ 40. Kc2 Qf2+ 41. Kd3 Qe3+ 42. Kc2 Qe2+ 43. Kb3 Rb8+ 0-1